| 000 | 00731nam a22002537a 4500 | ||
|---|---|---|---|
| 005 | 20220602114237.0 | ||
| 008 | 220525b ||||| |||| 00| 0 eng d | ||
| 040 | _cAL | ||
| 041 | _aEnglish | ||
| 082 |
_223 _a954.035 _bGANW |
||
| 100 |
_aM K Gandhi _940079 |
||
| 245 | _aWomen and Social Injustice | ||
| 260 |
_aAhmedabad _bNavajivan Publishing House _c1942 |
||
| 300 |
_axi,210 p. _bPB _c21x14 cm. |
||
| 650 |
_aMarriage _938985 |
||
| 650 |
_aWomen _938986 |
||
| 650 |
_aWomen--Legal status, laws, etc _938987 |
||
| 650 |
_aWomen's rights _938988 |
||
| 650 |
_aSocial justice _938989 |
||
| 650 |
_aWomen--Social conditions _938990 |
||
| 650 |
_aMahatma Gandhi _940080 |
||
| 700 |
_aGANDHI (M K) _938991 |
||
| 942 |
_2ddc _cGF |
||
| 999 |
_c223119 _d223119 |
||